Legal (Record no. 121090)

MARC details
000 -LEADER
fixed length control field 01173nas a22002297a 4500
001 - CONTROL NUMBER
control field K121090
007 - PHYSICAL DESCRIPTION FIXED FIELD--GENERAL INFORMATION
fixed length control field ta
008 - FIXED-LENGTH DATA ELEMENTS--GENERAL INFORMATION
fixed length control field 190815b2019 ||||| |||| 00| 0 eng d
041 ## - LANGUAGE CODE
Language code of text/sound track or separate title eng
100 ## - MAIN ENTRY--PERSONAL NAME
Personal author King, Vivien
245 ## - TITLE STATEMENT
Title Legal
Subtitle case review of Network Rail Infrastructure vs Williams and Anor
490 ## - SERIES TITLE
Series statement RICS Property Journal
Volume May/June 2019, 42(1)
520 ## - ABSTRACT
Abstract Discusses “Network Rail Infrastructure vs Williams and Anor” [2018] EWCA Civ 1514 which dealt with how a claim for damages under tort of nuisance caused by presence of Japanese knotweed on neighbouring property should be assessed."Held" that damages for nuisance did not extend to loss in value of property but instead, that should be based on the loss of amenity value relating to use and enjoyment of their own land.
650 ## - KEYWORDS
Keywords Japanese knotweed
650 ## - KEYWORDS
Keywords Loss of value
650 ## - KEYWORDS
Keywords Loss of amenity
650 ## - KEYWORDS
Keywords Loss of enjoyment
650 ## - KEYWORDS
Keywords Damages
651 ## - SUBJECT ADDED ENTRY--GEOGRAPHIC NAME
Geographic name United Kingdom
690 ## - LOCAL SUBJECT ADDED ENTRY--TOPICAL TERM (OCLC, RLIN)
9 (RLIN) 6238
Topical term or geographic name as entry element Environment
856 ## - ONLINE RESOURCE
Uniform Resource Identifier https://www.rics.org/profession-standards/knowledge-and-information-services/document-delivery-and-other-kis-fees
Public note email [email protected] to request a copy
Holdings
Withdrawn status Lost status Source of classification or shelving scheme Damaged status Not for loan Home library Current library Shelving location Date acquired Total Checkouts Date last seen Price effective from Koha item type Public note
    Dewey Decimal Classification     London London Gallery 15/08/2019   15/08/2019 15/08/2019 Journal article To request a copy please email [email protected] (scanning fees apply)